000
00268nam a22001097a 4500
005
20251014115410.0
008
251014b |||||||| |||| 00| 0 eng d
040
_c
PK-LaNCA
082
_a
917.3
_b
NEC
245
_a
The necessity for ruins and other topics
942
_c
BK
999
_c
67058
_d
67058